|
|
|
|
| LEADER |
02633nam a2200661 4500 |
| 001 |
ocn923666076 |
| 003 |
OCoLC |
| 005 |
20170124072002.9 |
| 006 |
m o d |
| 007 |
cr ||||||||||| |
| 008 |
151008s2016 enk ob 001 0 eng |
| 010 |
|
|
|a 2015039561
|
| 040 |
|
|
|a DLC
|b eng
|e rda
|c DLC
|d YDX
|d N$T
|d YDXCP
|d DG1
|d OCLCF
|d TEFOD
|d CDX
|d COO
|d OCLCO
|d IDEBK
|d UMI
|d OCLCO
|d DEBBG
|d KSU
|d GrThAP
|
| 019 |
|
|
|a 953123803
|a 958083225
|a 958083436
|a 958083729
|a 958392331
|a 958392619
|a 958392693
|
| 020 |
|
|
|a 9781118823682 (pdf)
|
| 020 |
|
|
|a 1118823680 (pdf)
|
| 020 |
|
|
|a 9781118823675 (epub)
|
| 020 |
|
|
|a 1118823672 (epub)
|
| 020 |
|
|
|z 9781118823699 (cloth)
|
| 020 |
|
|
|a 9781119177494
|
| 020 |
|
|
|a 1119177499
|
| 020 |
|
|
|a 1118823699 (cloth)
|
| 020 |
|
|
|a 9781118823699 (cloth)
|
| 029 |
1 |
|
|a GBVCP
|b 843772735
|
| 029 |
1 |
|
|a DEBBG
|b BV043399138
|
| 035 |
|
|
|a (OCoLC)923666076
|z (OCoLC)953123803
|z (OCoLC)958083225
|z (OCoLC)958083436
|z (OCoLC)958083729
|z (OCoLC)958392331
|z (OCoLC)958392619
|z (OCoLC)958392693
|
| 037 |
|
|
|a 936E3CB1-5BF9-4372-8E6E-C3E8454EAB7C
|b OverDrive, Inc.
|n http://www.overdrive.com
|
| 042 |
|
|
|a pcc
|
| 050 |
0 |
0 |
|a HV6691
|
| 072 |
|
7 |
|a BUS
|x 032000
|2 bisacsh
|
| 072 |
|
7 |
|a SOC
|x 000000
|2 bisacsh
|
| 082 |
0 |
0 |
|a 363.25/963
|2 23
|
| 049 |
|
|
|a MAIN
|
| 100 |
1 |
|
|a Ross, Ian,
|d 1959-
|
| 245 |
1 |
0 |
|a Exposing fraud :
|b skills, process and practicalities /
|c Ian Ross.
|
| 264 |
|
1 |
|a Chichester, West Sussex, United Kingdom :
|b John Wiley & Sons, Inc.,
|c 2016.
|
| 300 |
|
|
|a 1 online resource.
|
| 336 |
|
|
|a text
|2 rdacontent
|
| 337 |
|
|
|a computer
|2 rdamedia
|
| 338 |
|
|
|a online resource
|2 rdacarrier
|
| 490 |
1 |
|
|a Wiley corporate F & A
|
| 504 |
|
|
|a Includes bibliographical references and index.
|
| 588 |
|
|
|a Description based on print version record and CIP data provided by publisher.
|
| 650 |
|
0 |
|a Fraud.
|
| 650 |
|
0 |
|a Fraud
|x Prevention.
|
| 650 |
|
0 |
|a Fraud investigation.
|
| 650 |
|
0 |
|a Auditing, Internal.
|
| 650 |
|
7 |
|a BUSINESS & ECONOMICS / Infrastructure
|2 bisacsh
|
| 650 |
|
7 |
|a SOCIAL SCIENCE / General
|2 bisacsh
|
| 650 |
|
7 |
|a Auditing, Internal.
|2 fast
|0 (OCoLC)fst00821209
|
| 650 |
|
7 |
|a Fraud.
|2 fast
|0 (OCoLC)fst00933786
|
| 650 |
|
7 |
|a Fraud investigation.
|2 fast
|0 (OCoLC)fst00933803
|
| 650 |
|
7 |
|a Fraud
|x Prevention.
|2 fast
|0 (OCoLC)fst00933790
|
| 655 |
|
4 |
|a Electronic books.
|
| 776 |
0 |
8 |
|i Print version:
|a Ross, Ian, 1959-
|t Exposing fraud
|d Chichester, West Sussex, United Kingdom : John Wiley & Sons, Inc., 2016
|z 9781118823699
|w (DLC) 2015032736
|
| 830 |
|
0 |
|a Wiley corporate F & A.
|
| 856 |
4 |
0 |
|u https://doi.org/10.1002/9781119177494
|z Full Text via HEAL-Link
|
| 994 |
|
|
|a 92
|b DG1
|